000 00461 a2200145 4500
005 20250607090736.0
020 _a0-673-99106-7
082 _a001.43 HER
100 _aHERZOG, T.
245 _aResearch Methods in the Social Sciences.
260 _aNew York,
_bHarper Collins College,
_c1996.
300 _axviii, 378p.: ill.; figure, table
_bGlossary & Index
_c23cm
856 _yAccess on line book
_fResearch
_dhttp://www.harpercollins.com/college.
942 _2ddc
_cBKS
999 _c33
_d33